Sports Quiz

Random Sports or MLB Quiz

MLB Batter vs. Pitcher: Most Strikeouts Quiz Stats

 Plays Quiz not verified by Sporcle

Also try: Puppy Sports
Challenge
Share
Tweet
Years listed are first and last (or most recent) of player's career. Data from 2011 is not included here, though some players may be active. Team listed for a player is the one on which he played the most games. Data is missing for some games from 1948-1973.
Score 0/76 Timer 08:00
0 Plays Today
% Correct
Mickey Mantle
94.8%
Mickey Mantle
94.8%
Mickey Mantle
94.8%
Hank Aaron
93.7%
Hank Aaron
93.7%
Reggie Jackson
93.3%
Bob Gibson
91.6%
Bob Gibson
91.6%
Bob Gibson
91.6%
Bob Gibson
91.6%
Bob Gibson
91.6%
Bob Gibson
91.6%
Sandy Koufax
91%
Sandy Koufax
91%
Tom Seaver
90.9%
Tom Seaver
90.9%
Tom Seaver
90.9%
Willie Stargell
89.8%
Willie Stargell
89.8%
Willie Stargell
89.8%
Mike Schmidt
87.9%
Mike Schmidt
87.9%
Nolan Ryan
87.8%
Steve Carlton
87.5%
Steve Carlton
87.5%
Steve Carlton
87.5%
Steve Carlton
87.5%
Don Drysdale
85.3%
Don Drysdale
85.3%
Bert Blyleven
81.4%
Pedro Martinez
81%
Eddie Mathews
80.8%
Eddie Mathews
80.8%
Eddie Mathews
80.8%
Roberto Clemente
78.7%
Tony Perez
77.5%
Tony Perez
77.5%
Tony Perez
77.5%
% Correct
Carl Yastrzemski
76%
Phil Niekro
75.5%
Phil Niekro
75.5%
Willie McCovey
74.9%
Fergie Jenkins
73.3%
Fergie Jenkins
73.3%
Don Sutton
71.9%
Don Sutton
71.9%
Jorge Posada
67.8%
Duke Snider
66.4%
Ron Santo
66.1%
George Foster
62.2%
George Foster
62.2%
Deron Johnson
61.8%
Robin Roberts
59.7%
Lou Brock
55.6%
Gaylord Perry
55%
Mickey Lolich
50.6%
Dave Parker
50.5%
Lee May
50.4%
Gil Hodges
42.9%
Steve Rogers
40.1%
Dave Kingman
39.1%
Early Wynn
36.6%
Vada Pinson
21.8%
Curt Simmons
18.1%
Billy Pierce
15.7%
Camilo Pascual
13%
Camilo Pascual
13%
Sal Maglie
12.8%
Bob Veale
12.3%
Don Money
8.8%
Harvey Haddix
8.2%
Wally Post
7.1%
Tony Taylor
5.8%
Donn Clendenon
5.2%
Claudell Washington
3.6%
Norm Siebern
1.1%

You're not logged in!

Compare scores with friends on all Sporcle quizzes.
Join for Free
OR
Log In

You Might Also Like...

Show Comments

Extras

Top Quizzes Today


Score Distribution

Your Account Isn't Verified!

In order to create a playlist on Sporcle, you need to verify the email address you used during registration. Go to your Sporcle Settings to finish the process.

Report this User

Report this user for behavior that violates our Community Guidelines.

Details: